| 000 | 01342cam a2200301 4500 | ||
|---|---|---|---|
| 008 | 040603n2004 000 0 eng u | ||
| 020 | _a0860176096 | ||
| 035 | _a(Sirsi) u126402 | ||
| 041 | _aeng | ||
| 050 |
_a627.4 _c18 |
||
| 100 | _aWilson, Steve | ||
| 245 |
_aSustainable drainage systems _bhydraulic, structural and water quality advice |
||
| 260 |
_aLondon _bCIRIA _c2004 |
||
| 300 |
_a324p. _bill _c30cm. |
||
| 350 | _a120 | ||
| 490 |
_aCIRIA Publication _vC609 |
||
| 520 | _aDiscusses the key issues that must be considered when designing, constructing and maintaining Sustainable Urban Drainage System (SUDS) schemes to effectively manage rainwater runoff from development sites. The first part of the book includes information relevant to all SUDS techniques and the second part contains detailed discussions about the design and performance of each technique. Glossary andreferences. | ||
| 650 | _aDRAINAGE SYSTEMS | ||
| 650 | _aSURFACE WATER | ||
| 650 | _aSUSTAINABLE URBAN DRAINAGE SYSTEMS | ||
| 650 | _aBUILT ENVIRONMENT-CONSTRUCTION DESIGN | ||
| 690 | _aBUILT ENVIRONMENT-SUSTAINABLE CONSTRUCTION | ||
| 700 | _aBray, Bob | ||
| 700 | _aCooper, Phil | ||
| 710 |
_aConstruction Industry Research and Information Association _94810 |
||
| 710 |
_aUnited Kingdom _bDepartment of Trade and Industry |
||
| 942 | _n0 | ||
| 999 |
_c103614 _d103614 |
||